| 000 | 00521pab a2200205 454500 | ||
|---|---|---|---|
| 008 | 180718b2012 xxu||||| |||| 00| 0 eng d | ||
| 100 | _aBharadwaj, Prashant | ||
| 245 | _aPartition, migration, and jute cultivation in India | ||
| 260 | _c2012 | ||
| 300 | _ap.1084-1107. | ||
| 362 | _aAug | ||
| 650 | _aMigration - India | ||
| 650 | _aPartition - India | ||
| 650 | _aJute - India | ||
| 650 | _aMigration | ||
| 700 | _aFenske, James | ||
| 773 | _aJournal of Development Studies | ||
| 908 | _aN | ||
| 909 | _a97772 | ||
| 999 |
_c97771 _d97771 |
||